000 01713cam a2200445 4500
001 ABS62541
008 000000n2000 000 0 eng u
035 _a(Sirsi) u106868
100 _aLewsley, C.
245 _aSome exemptions revisited
260 _c2000
490 _aRating and Valuation Reporter
_v40(5) May 2000, 197-204(9)
520 _aAssists with interpretation of Local Government Finance Act 1988 Sched5, through consideration of recent examples of case law relating to exemptions from non domestic rating.
590 _aABS
650 _aLOCAL GOVERNMENT FINANCE ACT 1988 SCHED 5
650 _aNON-DOMESTIC RATING
650 _aRATING ASSESSMENTS
650 _aEXEMPTIONS
650 _aPERRINS V DRAPER
650 _aFARMERS MACHINERY SYNDICATE V SHAW
650 _aGILMORE (VO) V BAKER-CARR
650 _aEASTWOOD (W & J B) V HERROD
650 _aPRIOR (VO) V SOVEREIGN CHICKEN LTD
650 _aFARMER (VO) AND OTHERS V BUXTED POULTRY LTD
650 _aWRIGHT (VO) V SOVEREIGN FOOD GROUP LTD
650 _aMILLINGTON V SOS ENVIRONMENT AND ANOTHER
650 _aJEWISH BLIND SOCIETY TRUSTEES V HENNING
650 _aALMOND (VO) V BIRMINGHAM ROYAL INSTITUTION FOR THE BLIND
650 _aSAMARITANS OF TYNESIDE V NEWCASTLE UPON TYNE CITY COUNCIL
650 _aO'KELLY V DAVEY
650 _aHARE V PUTNEY CHURCHWARDENS AND OVERSEERS
650 _aSHEFFIELD CORPORATION V TRANTER
650 _aOXFORD CITY COUNCIL V BROADWAY
650 _aRYAN INDUSTRIAL FUELS V MORGAN
650 _aBRADSHAW V DAVEY
650 _aFELGATE (VO) V LOTUS LEISURE ENTERPRISES
650 _aR V BIRMINGHAM WATERWORKS
690 _aRATING AND LOCAL TAXATION
942 _n0
999 _c63933
_d63933